| 000 | 00374nam a22001217a 4500 | ||
|---|---|---|---|
| 082 | _a200 THE | ||
| 100 |
_aWAHID HUSSAIN _970330 |
||
| 245 | _aTH-SOF-1456-Statistical and Graph based Analysis of Botnet BY Wahid Hussain | ||
| 260 |
_aIslamabad _bNUST College of EME _c2017 |
||
| 650 | _aMS-CSE-14 MSTHESIS | ||
| 700 |
_aSupervisor DR. NAZAR ABBAS SAQIB _969840 |
||
| 942 | _cCF | ||
| 999 |
_c577323 _d577323 |
||